Физика 2.1 / ДО 2017 (15.03.01): электронный курс

Bibliografiske detaljer
Hovedforfatter: Поздеева Э. В. Эльвира Вадимовна
Institution som forfatter: Национальный исследовательский Томский политехнический университет Школа базовой инженерной подготовки Отделение естественных наук
Summary:Заглавие с экрана
Дисциплина «Физика 2.1» входит в базовую часть модуля естественнонаучных и математических дисциплин. Физика является главнейшим источником знаний об окружающем мире, основой научно-технического прогресса и важнейшим компонентом человеческой культуры. Ее значение в современном образовании исключительно высоко, так как изучение физики как науки, отражающей наиболее общие закономерности в природе, формирует у студентов основные представления о естественнонаучной картине мира. Совместно с математикой физика занимает в обучении студентов одно из важных мест: курс является базовым для дальнейшего изучения технических дисциплин, определяет физико-математическую подготовку студентов и, естественно, служит основой, на которой строится дальнейшее обучение студентов.
Доступ по логину и паролю
Sprog:russisk
Udgivet: Томск, TPU Moodle, 2018
Fag:
Online adgang:https://design.lms.tpu.ru/course/view.php?id=4176
Format: MixedMaterials Electronisk Bog
KOHA link:https://koha.lib.tpu.ru/cgi-bin/koha/opac-detail.pl?biblionumber=665963

MARC

LEADER 00000nlm0a2200000 4500
001 665963
005 20231102030813.0
035 |a (RuTPU)RU\TPU\network\37167 
035 |a RU\TPU\network\37152 
090 |a 665963 
100 |a 20211125d2018 m y0rusy50 ca 
101 0 |a rus 
102 |a RU 
105 |a a j 000zy 
135 |a jrcn ---uucaa 
181 0 |a i  
182 0 |a b 
200 1 |a Физика 2.1 / ДО 2017 (15.03.01)  |e электронный курс  |f Э. В. Поздеева  |g Национальный исследовательский Томский политехнический университет, Школа базовой инженерной подготовки, Отделение естественных наук 
203 |a Текст  |c электронный 
210 |a Томск  |c TPU Moodle  |d 2018 
230 |a Электрон. дан. 
300 |a Заглавие с экрана 
330 |a Дисциплина «Физика 2.1» входит в базовую часть модуля естественнонаучных и математических дисциплин. Физика является главнейшим источником знаний об окружающем мире, основой научно-технического прогресса и важнейшим компонентом человеческой культуры. Ее значение в современном образовании исключительно высоко, так как изучение физики как науки, отражающей наиболее общие закономерности в природе, формирует у студентов основные представления о естественнонаучной картине мира. Совместно с математикой физика занимает в обучении студентов одно из важных мест: курс является базовым для дальнейшего изучения технических дисциплин, определяет физико-математическую подготовку студентов и, естественно, служит основой, на которой строится дальнейшее обучение студентов. 
333 |a Доступ по логину и паролю 
606 1 |a Физика  |2 stltpush  |3 (RuTPU)RU\TPU\subj\63709  |9 80688 
610 1 |a электронный ресурс 
610 1 |a труды учёных ТПУ 
610 1 |a электронное обучение 
610 1 |a электронные курсы ТПУ 
610 1 |a электронные учебные пособия 
610 1 |a учебные пособия 
610 1 |a дистанционное образование 
610 1 |a дистанционное обучение 
610 1 |a электростатика 
610 1 |a постоянный ток 
610 1 |a электричество 
610 1 |a магнетизм 
610 1 |a электромагнитные колебания 
675 |a 53(075.8)  |v 3 
700 1 |a Поздеева  |b Э. В.  |c физик  |c доцент Томского политехнического университета, кандидат технических наук  |f 1944-  |g Эльвира Вадимовна  |2 stltpush  |3 (RuTPU)RU\TPU\pers\26936 
712 0 2 |a Национальный исследовательский Томский политехнический университет  |b Школа базовой инженерной подготовки  |b Отделение естественных наук  |h 8032  |2 stltpush  |3 (RuTPU)RU\TPU\col\23562 
801 2 |a RU  |b 63413507  |c 20220627  |g RCR 
856 4 |u https://design.lms.tpu.ru/course/view.php?id=4176 
942 |c CF